Safavid Persia : the history and politics of an Islamic society

Αποθηκεύτηκε σε:
Λεπτομέρειες βιβλιογραφικής εγγραφής
Συλλογικό Έργο: University of Cambridge Centre of Middle Eastern Studies, International Round Table on Safavid Persia
Άλλοι συγγραφείς: Melville, C. P. (Charles Peter), 1951- (Επιμελητής έκδοσης)
Μορφή: Πρακτικό Συνεδρίου Βιβλίο
Γλώσσα:English
Δημοσίευση: London : I.B. Tauris & Co Ltr, c1996
Σειρά:Pembroke Persian papers ; ; 4
Θέματα:
Ετικέτες: Προσθήκη ετικέτας
Δεν υπάρχουν, Καταχωρήστε ετικέτα πρώτοι!

MARC

LEADER 00000cam a2200000 i 4500
001 1/15066
008 980520s1996 eng d
020 |a 1-86064-086-9 
035 |l 10019668 
040 |a GR-MY-UA  |b gre  |e aacr 
041 0 |a eng 
082 0 |a 955.03 
245 1 0 |a Safavid Persia :  |b the history and politics of an Islamic society /  |c edited by Charles Melville 
260 |a London :   |b I.B. Tauris & Co Ltr,   |c c1996 
300 |a xi, 426 p.  |b ill.; maps 
490 1 |a Pembroke Persian papers  |v ; 4 
500 |a Published in association with the Centre of Middle Eastern Studies, University of Cambridge. All but one of the fifteen papers ... were first presented at the Second International Round Table on Safavid Persia, held in Pembroke College, Cambridge, under the auspices of the University's Centre of Middle Eastern Studies, in September 1993 
500 |a Chiefly in English with some text in French 
504 |a Includes notes and index 
651 0 |a Iran  |x History  |x Safavid dynasty, 1501-1736. 
700 1 |a Melville, C. P.   |q (Charles Peter),   |d 1951-  |4 edt 
710 2 |a University of Cambridge  |b Centre of Middle Eastern Studies. 
711 2 |a International Round Table on Safavid Persia  |n (2nd:  |d 1993:  |c Pembroke College, Cambridge) 
830 0 |a Pembroke Persian papers ;  |v ; 4 
852 |a INST  |b LESVOS  |e 19980520  |h 955.03 SAF  |p 005100014896  |q 005100014896  |t BK  |y 0 
901 |a BIBL-1998-2 
909 |a Λ  |b 056024 
922 |a 1ΕΛΗ  |b 199805  |c ΤΚΑ